Complete reference ;C++ (Record no. 11461)
[ view plain ]
| 000 -LEADER | |
|---|---|
| fixed length control field | 00376nam a22001577a 4500 |
| 003 - CONTROL NUMBER IDENTIFIER | |
| control field | OSt |
| 008 - FIXED-LENGTH DATA ELEMENTS--GENERAL INFORMATION | |
| fixed length control field | 220823b ||||| |||| 00| 0 eng d |
| 020 ## - INTERNATIONAL STANDARD BOOK NUMBER | |
| International Standard Book Number | 9780070532465 |
| 082 ## - DEWEY DECIMAL CLASSIFICATION NUMBER | |
| Classification number | 005.133 SCC |
| 100 ## - MAIN ENTRY--PERSONAL NAME | |
| Personal name | SCHILDT,Herbert |
| 245 ## - TITLE STATEMENT | |
| Title | Complete reference ;C++ |
| 250 ## - EDITION STATEMENT | |
| Edition statement | 44th Reprint |
| 260 ## - PUBLICATION, DISTRIBUTION, ETC. (IMPRINT) | |
| Place of publication, distribution, etc | New Delhi |
| Name of publisher, distributor, etc | Mcgraw Hill |
| Date of publication, distribution, etc | 2021 |
| 300 ## - PHYSICAL DESCRIPTION | |
| Extent | 1023 |
| 942 ## - ADDED ENTRY ELEMENTS (KOHA) | |
| Source of classification or shelving scheme | Dewey Decimal Classification |
| Koha item type | Text Books |
| 942 ## - ADDED ENTRY ELEMENTS (KOHA) | |
| -- | 5 |
| Withdrawn status | Lost status | Source of classification or shelving scheme | Damaged status | Not for loan | Collection code | Home library | Current library | Date acquired | Source of acquisition | Currency | Cost, normal purchase price | Bill Number | Total Checkouts | Full call number | Acc. no. / Barcode | Date last seen | Actual Cost, discounted price | Bill Date | Koha item type | Date last borrowed |
|---|---|---|---|---|---|---|---|---|---|---|---|---|---|---|---|---|---|---|---|---|
| Dewey Decimal Classification | BCA | PIET C-LIBRARY | PIET C-LIBRARY | 22/08/2022 | Kirti Prakashan | Indian Rup | 899.00 | IN762 | 005.133 SCC | BC1885 | 23/08/2022 | 611.32 | 20/08/2022 | Text Books | ||||||
| Dewey Decimal Classification | BCA | PIET C-LIBRARY | PIET C-LIBRARY | 22/08/2022 | Kirti Prakashan | Indian Rup | 899.00 | IN762 | 6 | 005.133 SCC | BC1886 | 08/08/2024 | 611.32 | 20/08/2022 | Text Books | 25/07/2024 | ||||
| Dewey Decimal Classification | BCA | PIET C-LIBRARY | PIET C-LIBRARY | 22/08/2022 | Kirti Prakashan | Indian Rup | 899.00 | IN762 | 4 | 005.133 SSC | BC1887 | 24/06/2024 | 611.32 | 20/08/2022 | Text Books | 29/05/2024 |